02356pam a22003491i 4500001001900000003000600019005001700025006001900042007001500061008004100076015001900117020001800136035002500154035002100179035001800200037003000218040003900248041000700287042001100294100004600305245009800351264002900449300001400478500001300492506018600505520111200691650004601803650003201849942000801881952010201889999001501991991017681889707026UkOxU20260127155025.0m || d | cr |||||||||||221201s2023 enk o 000|0|eng d aGBC3280212bnb a9781803285528 a023334589-44oxf_inst a(UkOxU)023334589 a(Uk)020952867 a9781803285504bcodeMantra aStDuBDSbengerdaepncStDuBDSdUk aEN aukblsr aHamilton-Paterson, James,eauthor.92667710aStuck monkey b: the deadly planetary cost of the things we love c/ James Hamilton-Paterson. 1aLondon :bApollo,c2023. a304 pages aAcademic1 aLegal Deposit;cOnly available on premises controlled by the deposit library and to one user at any one time;eThe Legal Deposit Libraries (Non-Print Works) Regulations (UK).5UkOxU aPeople hunting monkeys in the jungle once devised a simple yet effective trap: When the creature found a banana in a large jar with a narrow neck, it would plunge its paw in to retrieve it. But it couldn't let go. And unless the monkey released the banana, it was stuck. We are, of course, the stuck monkey, paralysed by our modern lifestyles and consumer habits: our constant stream of online shopping deliveries, our compulsive dependence on digital devices, our obsession with our pets. These addictions, as small and harmless as they may seem, are quietly destroying the planet. And the eco-friendly alternatives that alleviate our guilt are often not much better. In Stuck Monkey, James Hamilton-Paterson uncovers the truth behind the everyday habits fuelling the climate crisis. Drawing on eye-opening research and shocking statistics, he mercilessly dissects a wide spectrum of modern life: pets, gardening, sports, vehicles, fashion, wellness, holidays, and more. Ferociously unflinching and intelligent, this book will make you think twice about the 'innocent' habits we often take for granted.  0aConsumer behaviorxEnvironmental aspects. 0aConsumersxAttitudes911425 2lcc 00102lcc4070aTBSbTBSd2026-01-27l0oGE195 HAMr2026-01-27t1w2026-01-27y1zSOON AVAILABLE c5306d5306